[Event "Atalik vs Atalik Classical"]
[Site "Halkidiki GRE"]
[Date "2012.08.07"]
[Round "2"]
[White "Atalik,E"]
[Black "Atalik,S"]
[Result "0-1"]
[WhiteElo "2453"]
[BlackElo "2606"]

1.d4 Nf6 2.c4 e6 3.Nc3 Bb4 4.Qc2 O-O 5.a3 Bxc3+ 6.Qxc3 b6 7.Bg5 Bb7 8.e3 d6
9.Qc2 h6 10.Bh4 c5 11.Ne2 cxd4 12.Nxd4 Nc6 13.Rd1 Nxd4 14.Rxd4 Qe7 15.Be2 e5
16.Rd1 g5 17.Bg3 Bxg2 18.Rg1 Be4 19.Qc3 Bg6 20.Bf3 Rac8 21.h4 Rfd8 22.hxg5 hxg5
23.Bh2 Kf8 24.Qb4 Rc5 25.Qa4 b5 26.Qa6 bxc4 27.Rxg5 Bc2 28.Rc1 Bd3 29.Be2 Ne4
30.Rg4 Qf6 31.f3 Bxe2 32.Kxe2 Ng5 33.Qb7 Rb5  0-1

[Event "11th Braunau Open A"]
[Site "Ranshofen AUT"]
[Date "2012.08.08"]
[Round "6.2"]
[White "Medvegy,Z"]
[Black "Neelotpal,D"]
[Result "0-1"]
[WhiteElo "2555"]
[BlackElo "2469"]

1.c4 Nf6 2.Nc3 e6 3.d4 Bb4 4.Qc2 O-O 5.e4 d5 6.e5 Ne4 7.Bd3 c5 8.Nf3 cxd4
9.Nxd4 Nc5 10.O-O Nxd3 11.Qxd3 Nc6 12.Nf3 dxc4 13.Qxc4 Qa5 14.Re1 Bxc3 15.bxc3 Ne7
16.Bg5 b5 17.Qg4 Qc7 18.Nd4 a6 19.Re3 Ng6 20.Rae1 h6 21.Bf4 Bb7 22.Rg3 Qe7
23.Bd2 Rfe8 24.Rh3 Rad8 25.Qh5 b4 26.Qg4 bxc3 27.Bxc3 Rd5 28.Rhe3 Rc8 29.Nb3 Qh4
30.Qg3 Qa4 31.Ra1 Nh4 32.Ree1 Nxg2 33.Red1 Nf4  0-1

[Event "16th HZ Open"]
[Site "Vlissingen NED"]
[Date "2012.08.08"]
[Round "6"]
[White "Schuil,Jeroen"]
[Black "Geirnaert,S"]
[Result "0-1"]
[WhiteElo "2018"]
[BlackElo "2407"]

1.d4 Nf6 2.c4 e6 3.Nc3 Bb4 4.Qc2 O-O 5.a3 Bxc3+ 6.Qxc3 Qe8 7.Bf4 d6 8.Nf3 b6
9.h3 Bb7 10.e3 Nbd7 11.Be2 a5 12.b3 Ne4 13.Qc2 f5 14.O-O h6 15.Nd2 Qg6 16.f3 Ng3
17.Rf2 e5 18.Bxg3 Qxg3 19.Nf1 Qh4 20.d5 f4 21.Qg6 Nc5 22.Rb1 fxe3 23.Nxe3 Qf4
24.Nf1 Bc8 25.g4 Bd7 26.b4 axb4 27.axb4 Be8 28.Qc2 Nd7 29.Bd3 Ra3 30.Rb3 Ra1
31.Rb1 Rxb1 32.Qxb1 Qd4 33.Kg2 Nf6 34.Qc2 b5 35.Rd2 Qf4 36.Be4 bxc4 37.Qxc4 Bg6
38.Bd3 e4 39.Bxe4 Bxe4 40.fxe4 Nxe4 41.Ra2 Qf3+ 42.Kg1 Nf2 43.Kh2  0-1

[Event "16th HZ Open"]
[Site "Vlissingen NED"]
[Date "2012.08.09"]
[Round "7"]
[White "Porte,H"]
[Black "Mostertman,M"]
[Result "0-1"]
[WhiteElo "2132"]
[BlackElo "2247"]

1.d4 Nf6 2.c4 e6 3.Nc3 Bb4 4.Qc2 O-O 5.a3 Bxc3+ 6.Qxc3 Ne4 7.Qc2 f5 8.e3 b6
9.Bd3 Bb7 10.Nf3 Ng5 11.Nxg5 Qxg5 12.f3 d6 13.Qf2 Nd7 14.Bd2 e5 15.O-O-O e4
16.Be2 d5 17.f4 Qe7 18.g4 fxg4 19.Bxg4 dxc4 20.Rhg1 Nf6 21.Qh4 Rf7 22.Bf5 Bc8
23.Bxc8 Rxc8 24.Rg5 c6 25.Rdg1 Nd5 26.Qh3 Rd8 27.Rh5 Nf6 28.Re5 Qd7 29.Qg2 Qd6
30.Qe2 b5 31.Bb4 Qc7 32.Qg2 a5 33.Bc5 Qd7 34.Qg5 Re8 35.Qg2 Rb8 36.Qg5 b4
37.axb4 axb4 38.f5 c3 39.Re6 Qd5 40.Qg3 Ra8 41.Qg2 Qb3 42.Rxf6 Ra1+  0-1

[Event "TCh-ESP CECLUB 2a Gp2 2012"]
[Site "Burguillos ESP"]
[Date "2012.08.12"]
[Round "6.2"]
[White "Granero Roca,A"]
[Black "Vazquez Igarza,R"]
[Result "1/2-1/2"]
[WhiteElo "2423"]
[BlackElo "2570"]

1.d4 Nf6 2.c4 e6 3.Nc3 Bb4 4.Qc2 O-O 5.a3 Bxc3+ 6.Qxc3 d5 7.e3 b6 8.Qc2 Bb7
9.Nf3 Nbd7 10.cxd5 Bxd5 11.b4 c5 12.dxc5 bxc5 13.Be2 Rc8 14.Qb2 Ne4 15.O-O cxb4
16.axb4 Nc3 17.Re1 Nb6 18.Nd4 e5 19.Nf5 Qf6 20.Ng3 Nba4 21.Qc2 Nxe2+ 22.Qxe2 Nc3
23.Qb2 Nb5 24.e4 Bb7 25.Be3 a6 26.Qe2 Rfe8 27.Qg4 Qg6 28.Qxg6 hxg6 29.Rac1 f6
30.f3 Kf7 31.Bc5 Red8 32.Nf1 Rd3 33.Ne3 Rcd8 34.Nc4 Ke6  1/2-1/2

[Event "Stare Mesto Open 2012"]
[Site "Stare Mesto CZE"]
[Date "2012.08.13"]
[Round "5.2"]
[White "Bernasek,J"]
[Black "Simantsev,M"]
[Result "1/2-1/2"]
[WhiteElo "2487"]
[BlackElo "2526"]

1.d4 Nf6 2.c4 e6 3.Nc3 Bb4 4.Qc2 O-O 5.a3 Bxc3+ 6.Qxc3 d5 7.Bg5 dxc4 8.Qxc4 b6
9.Rd1 Ba6 10.Qa4 Qd7 11.Qc2 Qc6 12.Qxc6 Nxc6 13.Bxf6 gxf6 14.Nf3 Rfd8 15.e3 Bxf1
16.Rxf1 Rac8 17.Ke2 Na5 18.Rc1 c5 19.dxc5 bxc5 20.Rfd1 c4 21.Rxd8+ Rxd8 22.Nd2 Kf8
23.Rc2 Rb8 24.Kd1 Rb6 25.Kc1 Rc6 26.e4 Kg7 27.Rc3 h5 28.Kc2 Kg6 29.Rg3+ Kh7
30.Kc3 Nb7 31.Rh3 Kg6 32.Rg3+ Kh7 33.Rh3 Kg6  1/2-1/2

[Event "2nd Metropolitan International"]
[Site "Los Angeles USA"]
[Date "2012.08.14"]
[Round "1"]
[White "Shitsuka,R"]
[Black "Harmon,L"]
[Result "0-1"]
[WhiteElo "1966"]
[BlackElo "2297"]

1.d4 Nf6 2.c4 e6 3.Nc3 Bb4 4.Qc2 O-O 5.a3 Bxc3+ 6.bxc3 c5 7.Nf3 Nc6 8.e3 d6
9.Bd3 e5 10.d5 Ne7 11.O-O Ng6 12.Rb1 Nh5 13.Bf5 b6 14.Bxc8 Qxc8 15.e4 Ngf4
16.Bxf4 Nxf4 17.Ne1 f5 18.exf5 Qxf5 19.Qxf5 Ne2+ 20.Kh1 Rxf5 21.f3 Nxc3 22.Nd3 Nxb1
23.Rxb1 Raf8 24.Nf2 Rf4 25.Ne4 Rxe4 26.fxe4 Rf4 27.Re1 Rf2 28.h3 Rc2 29.Re3 Rxc4
30.Kh2 b5 31.Kg3 a5 32.Kf3 a4 33.Kg4 b4 34.Kf5 Kf7  0-1

[Event "2nd Metropolitan International"]
[Site "Los Angeles USA"]
[Date "2012.08.14"]
[Round "1"]
[White "Ippolito,D"]
[Black "Chiang,S"]
[Result "1-0"]
[WhiteElo "2448"]
[BlackElo "2121"]

1.d4 Nf6 2.c4 e6 3.Nc3 Bb4 4.Qc2 O-O 5.a3 Bxc3+ 6.Qxc3 b6 7.Bg5 Bb7 8.f3 d5
9.e3 Nbd7 10.cxd5 exd5 11.Bd3 h6 12.Bh4 Re8 13.Ne2 Qe7 14.Bf2 c5 15.O-O Rac8
16.Qd2 a6 17.Rae1 Qf8 18.Bh4 Rc7 19.Bf5 b5 20.Bg3 Rcc8 21.Bh4 Rc7 22.Rc1 Rc6
23.Bb1 Qd6 24.Rfe1 Qc7 25.Bg3 Qb6 26.Bf2 cxd4 27.exd4 a5 28.Rxc6 Bxc6 29.Ng3 a4
30.Nf5 Qd8 31.Qb4 Kh8 32.Bd3 Rxe1+ 33.Bxe1 Qe8 34.Ne7 Nb6 35.Bh4 Nc4 36.Bxf6 gxf6
37.Bxc4 bxc4 38.Qd6 Kg7 39.Kf2 Bb7 40.Nf5+ Kg6 41.Qg3+  1-0

[Event "2nd Metropolitan International"]
[Site "Los Angeles USA"]
[Date "2012.08.15"]
[Round "2"]
[White "Brown,Michael William"]
[Black "Yang,Dar"]
[Result "1/2-1/2"]
[WhiteElo "2247"]
[BlackElo "2486"]

1.d4 Nf6 2.c4 e6 3.Nc3 Bb4 4.Qc2 O-O 5.a3 Bxc3+ 6.Qxc3 b6 7.Bg5 Bb7 8.e3 d6
9.f3 Nbd7 10.Bd3 Rc8 11.Ne2 c5 12.O-O d5 13.b3 cxd4 14.exd4 Re8 15.Rfd1 h6
16.Bh4 a5 17.Rac1 Ba6 18.Qb2 Qe7 19.cxd5 Bxd3 20.Rxc8 Rxc8 21.Rxd3 exd5 22.Nc3 Qe6
23.Qd2 Qc6 24.a4 g5 25.Bg3 Nh5 26.Nb5 Qc1+ 27.Qxc1 Rxc1+ 28.Kf2 Rc2+ 29.Kf1 Nxg3+
30.hxg3 Nf6 31.Rc3 Rb2 32.Nd6 Kg7 33.Rc6 Rxb3 34.Nf5+ Kg6 35.Ne7+ Kg7 36.Nf5+ Kg6
37.Ne7+  1/2-1/2

[Event "2nd Metropolitan International"]
[Site "Los Angeles USA"]
[Date "2012.08.15"]
[Round "3"]
[White "Remlinger,L"]
[Black "Chiang,S"]
[Result "1/2-1/2"]
[WhiteElo "2330"]
[BlackElo "2121"]

1.d4 Nf6 2.c4 e6 3.Nc3 Bb4 4.Qc2 O-O 5.a3 Bxc3+ 6.Qxc3 b6 7.Bg5 Bb7 8.e3 d6
9.Ne2 Nbd7 10.Qc2 c5 11.Rd1 Qc7 12.Bh4 d5 13.cxd5 exd5 14.Bg3 Qc6 15.Nc3 a6
16.Qf5 Rfe8 17.Be2 Qe6 18.Qxe6 fxe6 19.O-O e5 20.dxe5 Nxe5 21.Rd2 b5 22.f3 Re7
23.Rc1 Rc8 24.h3 Kf7 25.Kf2 h6 26.b3 Rce8 27.Nd1 Nfd7 28.Bf1 Rc8 29.Rdc2 Ree8
30.Nb2 c4 31.b4 a5 32.Nd1 axb4 33.axb4 Ra8 34.Nc3 Bc6 35.Rd1 Nf6 36.Be2 Ra3
37.Bh4 Ned7 38.Bf1 Rea8 39.Ne2 g5 40.Bg3 Nf8 41.Nd4 Bd7 42.Bd6 Re8 43.Bc5 Kg6
44.Re1 Ne6 45.Nxe6 Rxe6 46.Rd1 Rea6 47.g4 Rb3 48.Bg2 Bc6 49.f4 Rd3 50.Rxd3 cxd3
51.Rd2 Ne4+ 52.Bxe4+ dxe4 53.Bd4 Bd5 54.f5+ Kf7 55.Ke1 Ra4 56.Bc3 Ra3 57.Bd4 Ra4
58.Bc3  1/2-1/2

[Event "2nd Split Open 2012"]
[Site "Split CRO"]
[Date "2012.08.15"]
[Round "5.20"]
[White "Sivic,J"]
[Black "Bender,I"]
[Result "0-1"]
[WhiteElo "2119"]
[BlackElo "2275"]

1.d4 Nf6 2.c4 e6 3.Nc3 Bb4 4.Qc2 O-O 5.a3 Bxc3+ 6.Qxc3 Qe8 7.f3 d6 8.Bg5 Nfd7
9.e4 e5 10.Ne2 exd4 11.Nxd4 f5 12.O-O-O fxe4 13.Re1 Nc5 14.b4 Qe5 15.Be3 Ne6
16.fxe4 Nc6 17.Nb5 a5 18.Qxe5 dxe5 19.bxa5 Rxa5 20.Kb2 Ncd4 21.Nc3 Bd7 22.g3 Rfa8
23.Ra1 R8a6 24.c5 Rc6 25.Bc4 Rcxc5 26.Bxe6+ Bxe6 27.Rhd1 Rc4 28.Rd3 c5 29.Rf1 h6
30.Bd2 Ra6 31.Nd5 Bxd5 32.exd5 Rb6+ 33.Ka1 e4 34.Rc3 Nb3+ 35.Rxb3 Rxb3 36.d6 Rxa3+
37.Kb2 Rd3 38.Bf4 b5 39.Ra1 Ra4 40.Rc1 c4 41.Re1 Rb3+  0-1

[Event "2nd Metropolitan International"]
[Site "Los Angeles USA"]
[Date "2012.08.16"]
[Round "5"]
[White "Remlinger,L"]
[Black "Harmon,L"]
[Result "1/2-1/2"]
[WhiteElo "2330"]
[BlackElo "2297"]

1.d4 Nf6 2.c4 e6 3.Nc3 Bb4 4.Qc2 O-O 5.a3 Bxc3+ 6.Qxc3 b6 7.Bg5 Bb7 8.e3 d6
9.Ne2 Nbd7 10.Qc2 Rc8 11.Rd1 h6 12.Bh4 Qe7 13.Nc3 a6 14.f3 c5 15.Qd2 d5 16.cxd5 exd5
17.Be2 Rfe8 18.Bf2 c4 19.O-O b5 20.Rfe1 Bc6 21.Bf1 a5 22.e4 dxe4 23.d5 Ba8
24.Nxb5 Qf8 25.Qxa5 exf3 26.Nc7 Rxe1 27.Rxe1 fxg2 28.Bxc4 Ng4 29.Bg3 f5 30.Ba6 Rb8
31.Ne6 Qf6 32.Bxb8 Nxb8 33.Bd3 Ne5 34.Be2 Qh4 35.Rc1 Qe4 36.Qd8+ Kh7 37.Nf8+ Kg8
38.Ne6+ Kh7 39.Nf8+ Kg8 40.Ng6+ Kh7 41.Nf8+ Kg8  1/2-1/2

[Event "2nd Metropolitan International"]
[Site "Los Angeles USA"]
[Date "2012.08.17"]
[Round "6"]
[White "Lessler,Peter"]
[Black "Peters,Ja"]
[Result "1-0"]
[WhiteElo "2200"]
[BlackElo "2355"]

1.d4 Nf6 2.c4 e6 3.Nc3 Bb4 4.Qc2 O-O 5.a3 Bxc3+ 6.Qxc3 b6 7.Bg5 c5 8.e3 Bb7
9.Nf3 d6 10.Bd3 Nbd7 11.O-O e5 12.Nd2 h6 13.Bh4 cxd4 14.exd4 Rc8 15.Rfe1 Re8
16.Bf5 Rc7 17.Rad1 Qa8 18.f3 g6 19.Bb1 Nd5 20.Qb3 Ne7 21.Qb4 Nc8 22.Ne4 a5
23.Qd2 Kg7 24.Rc1 Ba6 25.Ba2 f5 26.Nc3 Nf8 27.dxe5 dxe5 28.Bf6+ Kh7 29.Bxe5 Rd7
30.Nd5 Re6 31.Bc3 Qc6 32.Qd4  1-0

[Event "2nd Metropolitan International"]
[Site "Los Angeles USA"]
[Date "2012.08.17"]
[Round "7"]
[White "Ippolito,D"]
[Black "Kavutskiy,K"]
[Result "1/2-1/2"]
[WhiteElo "2448"]
[BlackElo "2281"]

1.d4 Nf6 2.c4 e6 3.Nc3 Bb4 4.Qc2 O-O 5.a3 Bxc3+ 6.Qxc3 Qe8 7.g3 Nc6 8.Bg2 d6
9.Nf3 e5 10.dxe5 dxe5 11.b4 Ne4 12.Qb2 Nd6 13.c5 Nf5 14.O-O f6 15.e3 Be6
16.Qc2 Rd8 17.Bd2 Qf7 18.b5 Nce7 19.Rfc1 Bb3 20.Qb2 c6 21.Ba5 Rc8 22.Nd2 Be6
23.Ne4 cxb5 24.Nd6 Nxd6 25.cxd6 Nc6 26.Qxb5 Nxa5 27.Qxa5 b6 28.Qb4 Qd7 29.Bf1 Rxc1
30.Rxc1 Rd8 31.Rd1 Qc6 32.e4 a5 33.Qb5 Qxb5 34.Bxb5 Kf7 35.f4 Bd7 36.Bc4+ Be6
37.Bb5 Bd7 38.Bc4+ Be6 39.Bb5  1/2-1/2

[Event "2nd Split Open 2012"]
[Site "Split CRO"]
[Date "2012.08.17"]
[Round "7.50"]
[White "Fernandez Quintero,J"]
[Black "Haas,P"]
[Result "0-1"]
[WhiteElo "1961"]
[BlackElo "2095"]

1.d4 Nf6 2.c4 e6 3.Nc3 Bb4 4.Qc2 O-O 5.a3 Bxc3+ 6.Qxc3 Qe8 7.e3 d6 8.Nf3 b6
9.Bd3 Bb7 10.O-O Nbd7 11.b4 Ne4 12.Qc2 f5 13.Bb2 Qh5 14.d5 Ndf6 15.dxe6 Rae8
16.Nd4 Ng4 17.h3 Ne5 18.Be2 Qh6 19.b5 Rf6 20.Kh2 Ng4+ 21.Kg1 Nxe3 22.fxe3 Qxe3+
23.Kh2 Qg3+ 24.Kg1 Ng5 25.Bf3 Nxh3+ 26.Kh1 Rh6  0-1

[Event "2nd Metropolitan International"]
[Site "Los Angeles USA"]
[Date "2012.08.18"]
[Round "9"]
[White "Lessler,Peter"]
[Black "He,To"]
[Result "1-0"]
[WhiteElo "2200"]
[BlackElo "1982"]

1.d4 Nf6 2.c4 e6 3.Nc3 Bb4 4.Qc2 O-O 5.a3 Bxc3+ 6.Qxc3 Ne4 7.Qc2 f5 8.Nh3 b6
9.f3 Nf6 10.e3 Bb7 11.Bd3 d6 12.O-O Nbd7 13.b3 Qe7 14.Bb2 Nh5 15.Rad1 g5
16.d5 Ne5 17.Be2 Ng7 18.f4 g4 19.fxe5 gxh3 20.Rf3 hxg2 21.Rg3 Qe8 22.exd6 e5
23.dxc7 Rf6 24.Qc3  1-0

[Event "EY Boys U14 2012"]
[Site "Prague CZE"]
[Date "2012.08.19"]
[Round "3.23"]
[White "Stremavicius,T"]
[Black "Rajkovic,Mladen"]
[Result "1-0"]
[WhiteElo "2195"]
[BlackElo "1926"]

1.d4 Nf6 2.c4 e6 3.Nc3 Bb4 4.Qc2 O-O 5.Bg5 h6 6.Bh4 c5 7.e3 cxd4 8.exd4 d5
9.cxd5 exd5 10.Bd3 Nc6 11.Ne2 Be6 12.a3 Be7 13.b4 Rc8 14.O-O Nh5 15.Bxe7 Qxe7
16.Rfc1 f5 17.Qa4 a6 18.b5 axb5 19.Qxb5 Rcd8 20.Rcb1 Rd7 21.Na4 Rc7 22.Qb6 Rf7
23.Nc5 Bc8 24.Rc1 Qf6 25.Qb2 f4 26.f3 g5 27.Bb1 Ng7 28.Ba2 Qd6 29.Nc3 Nxd4
30.Nxd5 Nde6 31.Ne4 Qd8 32.Nxc7 Rxc7 33.Qb6 Kh7 34.Rxc7 Nxc7 35.Rc1 Nge8
36.Nf6+ Nxf6 37.Qxc7+ Qd7 38.Be6 Qxc7 39.Rxc7+ Kg6 40.Bxc8  1-0

[Event "ZMDI Open A 2012"]
[Site "Dresden GER"]
[Date "2012.08.20"]
[Round "3"]
[White "Urban,L"]
[Black "Hoffmann,Pau"]
[Result "1/2-1/2"]
[WhiteElo "2039"]
[BlackElo "2384"]

1.d4 Nf6 2.c4 e6 3.Nc3 Bb4 4.Qc2 O-O 5.a3 Bxc3+ 6.Qxc3 Qe8 7.f3 d6 8.e4 e5
9.d5 a5 10.Be3 c5 11.dxc6 Qxc6 12.Bd3 a4 13.Ne2 Na6 14.O-O Be6 15.Ng3 Rfc8
16.Rac1 Nc5 17.Be2 Ra6 18.Rfd1 Qc7 19.Rc2 Rc6 20.Qb4 Ne8 21.Nf1 Rb6 22.Qe1 f5
23.Qh4 Rc6 24.Bxc5 Rxc5 25.Ne3 f4 26.Nd5 Bxd5 27.exd5 b5 28.Bd3 Nf6 29.Rdc1 bxc4
30.Rxc4 Qb7 31.Qh3 Rxc4 32.Qe6+ Kh8 33.Rxc4 Rxc4 34.Bxc4 Qb6+ 35.Kf1 Qc5
36.Be2 h6 37.g4 Qc1+ 38.Kf2 Qe3+ 39.Kf1 Qc1+ 40.Kf2 Qe3+ 41.Kf1 e4 42.Qc8+ Ng8
43.Qc3 Qxc3 44.bxc3 Nf6 45.c4 exf3 46.Bxf3 g5 47.Bd1 Ne4 48.Ke1 Nc5 49.Kd2 Kg7
50.Kc3 Kf6 51.Kd4 Nb3+ 52.Kd3 Ke5 53.Bf3 Nd4 54.Bd1 Nb3 55.Bf3 Nc5+ 56.Kc3 Ne4+
57.Kd3 Nf2+ 58.Ke2 Ne4 59.Kd3 Nc5+ 60.Kc3  1/2-1/2

[Event "EY Boys U16 2012"]
[Site "Prague CZE"]
[Date "2012.08.22"]
[Round "6.19"]
[White "Samdanov,S"]
[Black "Machan,J"]
[Result "1-0"]
[WhiteElo "2207"]
[BlackElo "2055"]

1.c4 Nf6 2.Nc3 e6 3.d4 Bb4 4.Qc2 O-O 5.a3 Bxc3+ 6.Qxc3 b6 7.Bg5 h6 8.Bh4 Bb7
9.e3 d6 10.Ne2 Nbd7 11.Qc2 c5 12.Rd1 Qc7 13.Nc3 a6 14.f3 cxd4 15.Rxd4 d5
16.Bg3 Qc8 17.Be2 e5 18.Rh4 Qc5 19.Bf2 Qe7 20.O-O Rac8 21.Qb3 dxc4 22.Rxc4 Rxc4
23.Bxc4 b5 24.Be2 e4 25.f4 Rc8 26.Rd1 Nb6 27.Rd4 Qc5 28.Bh4 g5 29.fxg5 hxg5
30.Bf2 Nbd5 31.Nxd5 Nxd5 32.h4 Nf6 33.Qd1 gxh4 34.Bxh4 Nd5 35.Qd2 f5 36.Bd1 Kg7
37.Bb3 Qc1+ 38.Kf2 Qh1 39.Bg3 Rc1 40.Be5+ Nf6 41.Rd7+ Kh6 42.Bxf6 Rf1+ 43.Kg3 f4+
44.exf4 Rf3+ 45.gxf3 Qxf3+ 46.Kh2  1-0

[Event "32nd Bratto Masters"]
[Site "Bratto ITA"]
[Date "2012.08.24"]
[Round "7.4"]
[White "Maiorov,N1"]
[Black "Satyapragyan,S"]
[Result "0-1"]
[WhiteElo "2554"]
[BlackElo "2435"]

1.d4 Nf6 2.c4 e6 3.Nc3 Bb4 4.Qc2 O-O 5.a3 Bxc3+ 6.Qxc3 Qe8 7.g3 d6 8.Bg2 e5
9.dxe5 dxe5 10.Nf3 Nc6 11.Be3 a5 12.b3 Qe7 13.O-O Rd8 14.Rad1 Bg4 15.Qb2 h6
16.h3 Bf5 17.b4 axb4 18.axb4 Qxb4 19.Qxb4 Nxb4 20.Nxe5 Re8 21.f4 Be4 22.Bf3 Bxf3
23.Rxf3 Nc6 24.Bd4 Rad8 25.Rfd3 Nb4 26.Rb3 c5 27.Rbb1 Ne4 28.Kg2 f6 29.Nf3 b6
30.Bg1 Rxd1 31.Rxd1 Nc3 32.Rd6 Rxe2+ 33.Kf1 Rc2 34.Nd2 Rc1+ 35.Kg2 Rd1 36.Bf2 Nbd5
37.Rd8+ Kf7 38.cxd5 Rxd2 39.d6 Nd1  0-1

[Event "2nd Isthmia Open A"]
[Site "Korinthia GRE"]
[Date "2012.08.24"]
[Round "8.4"]
[White "Debashis,D"]
[Black "Iordachescu,V"]
[Result "1/2-1/2"]
[WhiteElo "2446"]
[BlackElo "2645"]

1.d4 Nf6 2.c4 e6 3.Nc3 Bb4 4.Qc2 O-O 5.a3 Bxc3+ 6.Qxc3 Qe8 7.f3 d5 8.cxd5 exd5
9.Bf4 Na6 10.e3 b6 11.Ne2 Nh5 12.g4 Nxf4 13.Nxf4 c6 14.h4 Nc7 15.O-O-O Ne6
16.Kb1 a5 17.Bd3 Ba6 18.Bf5 Nxf4 19.exf4 Qb8 20.Qxc6 Qxf4 21.Qxd5 Be2 22.Qe4 Qxf3
23.Rd2 Rae8 24.Bxh7+ Kh8 25.Qxf3 Bxf3 26.Rf1 Bxg4 27.Bf5 Bxf5+ 28.Rxf5 Re6
29.d5 Rd6 30.h5 f6 31.Kc2 Kh7 32.Kc3 Rc8+ 33.Kd4 b5 34.Re2 g6 35.hxg6+ Kxg6
36.Ref2 a4 37.Ke4 Rc4+ 38.Kd3 Rc1 39.Ke4 Rc4+ 40.Kd3 Rc5 41.Kd4 Rc4+ 42.Kd3 Rc5
43.Kd4 Rc4+  1/2-1/2

[Event "37th Trade Fair Open A"]
[Site "Brno CZE"]
[Date "2012.08.26"]
[Round "2"]
[White "Skacelik,P"]
[Black "Bernasek,J"]
[Result "0-1"]
[WhiteElo "2202"]
[BlackElo "2487"]

1.d4 Nf6 2.c4 e6 3.Nc3 Bb4 4.Qc2 O-O 5.a3 Bxc3+ 6.Qxc3 b6 7.Bg5 Bb7 8.e3 d6
9.Ne2 Nbd7 10.Qd3 Qe7 11.Nc3 c5 12.f3 h6 13.Bh4 Rac8 14.Be2 Ba6 15.Nb5 cxd4
16.Qxd4 Bxb5 17.cxb5 Rc2 18.Bd1 e5 19.Qb4 Rxg2 20.Kf1 Rg6 21.Bc2 Qe6 22.h3 e4
23.f4 Rc8 24.Bb3 Qf5 25.Bd1 Ne5 26.a4 Nd5 27.Qd4 Nf3 28.Bxf3 exf3 29.Bf2 Qc2  0-1

[Event "37th Trade Fair Open A"]
[Site "Brno CZE"]
[Date "2012.08.30"]
[Round "6"]
[White "Skacelik,P"]
[Black "Plischki,S"]
[Result "1/2-1/2"]
[WhiteElo "2202"]
[BlackElo "2365"]

1.d4 Nf6 2.c4 e6 3.Nc3 Bb4 4.Qc2 O-O 5.a3 Bxc3+ 6.Qxc3 b6 7.Bg5 Bb7 8.e3 d6
9.Ne2 Nbd7 10.Qd3 a6 11.Bh4 Re8 12.Nc3 Nf8 13.f3 Ng6 14.Bg3 e5 15.e4 exd4
16.Qxd4 Nh5 17.Kf2 Qg5 18.Rd1 Ngf4 19.Bxf4 Nxf4 20.h4 Qg6 21.Qd2 Nh5 22.g4 Nf6
23.Bd3  1/2-1/2

[Event "11th Istanbul Open A"]
[Site "Istanbul TUR"]
[Date "2012.08.30"]
[Round "1"]
[White "Bas,D"]
[Black "Babujian,L"]
[Result "0-1"]
[WhiteElo "1964"]
[BlackElo "2482"]

1.d4 Nf6 2.c4 e6 3.Nc3 Bb4 4.Qc2 O-O 5.a3 Bxc3+ 6.Qxc3 d5 7.Bg5 dxc4 8.Qxc4 b6
9.Nf3 Ba6 10.Qc2 Nbd7 11.Qc6 Rc8 12.Rd1 h6 13.Bh4 Qe7 14.e4 Bxf1 15.Kxf1 Qd6
16.Qc2 Qf4 17.e5 Nd5 18.Qc6 Nb8 19.Qc1 Qf5 20.b4 c5 21.dxc5 bxc5 22.bxc5 Nd7
23.Be7 Nxe7 24.Rxd7 Nd5 25.c6 Qd3+ 26.Ke1 Qe4+ 27.Kf1 Rxc6 28.Qxc6 Ne3+ 29.fxe3 Qxc6
30.Rd1 Qc2 31.Re1 Rb8 32.Re2 Qd1+ 33.Re1 Qd3+ 34.Kf2 Rb2+  0-1

[Event "37th Trade Fair Open A"]
[Site "Brno CZE"]
[Date "2012.08.31"]
[Round "7"]
[White "Pokorny,P"]
[Black "Vyskocil,N"]
[Result "1/2-1/2"]
[WhiteElo "2216"]
[BlackElo "2368"]

1.d4 Nf6 2.c4 e6 3.Nc3 Bb4 4.Qc2 O-O 5.a3 Bxc3+ 6.Qxc3 b6 7.Bg5 Ba6 8.e3 d6
9.Nf3 Nbd7 10.Bd3 Rc8 11.b4 c5 12.dxc5 bxc5 13.b5 Bb7 14.O-O Qc7 15.Nd2 d5
16.Bh4 Ba8 17.Rfd1 Qb7 18.Bf1 Rfe8 19.a4 e5 20.cxd5 Nxd5 21.Qb3 Re6 22.e4 Rh6
23.Bc4 N7b6 24.Bxd5 Nxd5 25.Nc4 Nf4 26.Bg5 Qxe4 27.f3 Qg6 28.Bxf4 exf4 29.Qd3 Re8
30.Qxg6 Rxg6 31.Kf2 Rge6 32.Ra2 g6 33.Rd7 Kg7 34.Nd6 R8e7 35.Rxe7 Rxe7 36.Rc2 Rd7
37.Ne8+ Kf8 38.Nf6 Rc7 39.Rxc5 Rxc5 40.Nd7+ Ke7 41.Nxc5 Kd6 42.Nd3 Kd5 43.Ke2 Kc4
44.Ne5+ Kb4 45.Nc6+ Kxa4 46.Nxa7 Ka5 47.Kd3 Kb6 48.Nc8+ Kxb5 49.Kd4 f6 50.Nd6+ Kc6
51.Ne8 Kd7 52.Nxf6+ Ke6 53.Nxh7 Kf5 54.h4 Bb7 55.Kd3 Ba6+ 56.Kd2 Bc4 57.Ng5  1/2-1/2

[Event "19th Graz Open 2012"]
[Site "Graz AUT"]
[Date "2012.09.01"]
[Round "8.3"]
[White "Gruskovnjak,T"]
[Black "Hera,I"]
[Result "0-1"]
[WhiteElo "2384"]
[BlackElo "2568"]

1.d4 Nf6 2.c4 e6 3.Nc3 Bb4 4.Qc2 O-O 5.a3 Bxc3+ 6.Qxc3 d6 7.f3 d5 8.Bg5 c5
9.dxc5 d4 10.Qd2 h6 11.Bf4 e5 12.Bxe5 Nc6 13.Bd6 Re8 14.O-O-O b6 15.Kb1 bxc5
16.Bxc5 Bf5+ 17.Ka2 Qc7 18.e4 dxe3 19.Qc3 a5 20.Bd3 Nb4+ 21.Bxb4 axb4 22.Qxb4 Bxd3
23.Rxd3 Rab8 24.Qc3 e2 25.Nxe2 Rxe2 26.Rc1 Qxh2 27.Rc2 Qxg2 28.Rdd2 Rxd2
29.Rxd2 Qg3 30.c5 h5 31.b4 h4 32.c6 Ne8 33.Qd3 h3 34.Qe2 Nc7 35.Qh2 Qe1 36.Re2 Qf1
37.Rc2 Rc8 38.Qg3 Qd3 39.Kb2 Nb5 40.Qxh3 Qxa3+ 41.Kb1 Ra8  0-1

[Event "19th Graz Open 2012"]
[Site "Graz AUT"]
[Date "2012.09.02"]
[Round "9.3"]
[White "Fahrner,K"]
[Black "Farago,I"]
[Result "1/2-1/2"]
[WhiteElo "2346"]
[BlackElo "2491"]

1.d4 Nf6 2.c4 e6 3.Nc3 Bb4 4.Qc2 O-O 5.a3 Bxc3+ 6.Qxc3 b6 7.Nf3 Bb7 8.e3 Ne4
9.Qc2 d6 10.b3 Nd7 11.Bb2 f5 12.Be2 Qe7 13.O-O Rae8 14.Rad1 Ndf6 15.Ne1 Ng4
16.d5 exd5 17.cxd5 Nexf2 18.Rxf2 Nxe3 19.Qc1 Nxd1 20.Qxd1 Qe3 21.Nf3 a6 22.Bd4 Qe7
23.Qd2 f4 24.a4 h6 25.Bc4 Qf7 26.Bb2 Re3 27.Bd4 Rfe8 28.Rf1 R3e7 29.Bb2 Re3
30.Bd4 R3e7 31.Bb2 Re3 32.Bd4  1/2-1/2

[Event "11th Istanbul Open A"]
[Site "Istanbul TUR"]
[Date "2012.09.04"]
[Round "5"]
[White "Elnaami,Hashem A.k."]
[Black "Soylemez,C"]
[Result "1-0"]
[WhiteElo "1810"]
[BlackElo "1946"]

1.d4 Nf6 2.c4 e6 3.Nc3 Bb4 4.Qc2 O-O 5.Nf3 d5 6.e3 Nbd7 7.a3 Be7 8.cxd5 exd5
9.Bd3 h6 10.h3 Re8 11.O-O c6 12.b4 Bd6 13.Qb3 Ne4 14.Nd2 Qh4 15.Nf3 Qh5 16.Be2 Nxc3
17.Qxc3 Nf6 18.Qe1 Qg6 19.Nh4 Qh7 20.f4 Ne4 21.Bd3 g5 22.Nf3 gxf4 23.exf4 Qg7
24.Kh2 Re6 25.Ne5 f6 26.Bxe4 dxe4 27.Ng4 f5 28.Ne5 Bxe5 29.fxe5 Rg6 30.Ra2 Be6
31.Raf2 Rd8 32.Qe3 Kh7 33.Rg1 Qd7 34.Rd2 Rdg8 35.Rc2 Qg7 36.Qf4 Rg3 37.Be3 Rg6
38.Qf1 Qe7 39.Qc1 a6 40.Rf2 Qh4 41.Rf4 Qg3+ 42.Kh1 Rg5 43.Bf2 Qd3 44.Rh4 R5g6
45.Be3 Rh8 46.Rd1 Qe2 47.Rxh6+ Rxh6 48.Bxh6 Rg8 49.Rg1 Qh5 50.Bf4 Qh4 51.Kh2 Rg7
52.g3 Qh5 53.Qe3 Kh8 54.h4 Rg4 55.Bg5 Qh7 56.Kg2 Qg6 57.Kf2 Bc4 58.Rc1 b5
59.a4 Qf7 60.axb5 Bxb5 61.Qa3 Qd5 62.Qe3 Qa2+ 63.Kg1 Qd5 64.Rc2 Bd3 65.Rf2 Qd7
66.Kh2 Kg7 67.Qc1 Qxd4 68.Rxf5 Bb5 69.e6 Qd3 70.Qb2+ Kg8 71.Rf8+ Kxf8 72.Qh8+  1-0

[Event "FSGM Sept 2012"]
[Site "Budapest HUN"]
[Date "2012.09.08"]
[Round "7.2"]
[White "Flumbort,A"]
[Black "Lalic,B"]
[Result "1/2-1/2"]
[WhiteElo "2503"]
[BlackElo "2475"]

1.d4 Nf6 2.c4 e6 3.Nc3 Bb4 4.Qc2 O-O 5.a3 Bxc3+ 6.Qxc3 d5 7.Nf3 dxc4 8.Qxc4 b6
9.Bg5 Ba6 10.Qa4 c5 11.dxc5 bxc5 12.Rd1 Qb6 13.Bxf6 gxf6 14.Qg4+ Kh8 15.Rd2 Nc6
16.Qh4 Kg7 17.Qg4+ Kh8 18.Qh4 Kg7  1/2-1/2

[Event "11th Kesarovski-Stanchev Mem"]
[Site "Sunny Beach BUL"]
[Date "2012.09.08"]
[Round "8.3"]
[White "Enchev,I"]
[Black "Dimitrov,R"]
[Result "1-0"]
[WhiteElo "2397"]
[BlackElo "2411"]

1.d4 Nf6 2.c4 e6 3.Nc3 Bb4 4.Qc2 O-O 5.a3 Bxc3+ 6.Qxc3 b5 7.cxb5 c6 8.Bg5 cxb5
9.Nf3 Bb7 10.e3 a6 11.Be2 h6 12.Bh4 g5 13.Bg3 Ne4 14.Qd3 f5 15.Rc1 Bd5 16.O-O Nc6
17.Nd2 Qe7 18.f3 Nxg3 19.hxg3 Qg7 20.b3 f4 21.Rfd1 fxe3 22.Nf1 Rac8 23.Nxe3 Nxd4
24.Rxc8 Nxe2+ 25.Qxe2 Rxc8 26.Nxd5 exd5 27.Qd3 d4 28.Qe4 Rc6 29.Rxd4 Rc1+
30.Kh2 Qf7 31.g4 Rc6 32.Qd3 d6 33.Qe4 Qf4+ 34.Qxf4 gxf4 35.Rxf4 Rc3 36.b4 Kg7
37.Rd4 Rc6 38.Rd5 Kf7 39.Kg3 Ke7 40.Rh5 Rc3 41.Rxh6 Rxa3 42.Kf4 Rb3 43.Kf5 Rxb4
44.Rh7+ Kf8 45.Ra7 d5 46.Kf6 Rf4+ 47.Ke5 Ra4 48.g5 Kg8 49.f4 Re4+ 50.Kf5 Re8
51.Rxa6 Rb8 52.Rd6 b4 53.Rxd5 b3 54.Rd1 b2 55.Rb1 Kg7 56.Kg4 Rb4 57.Kf5 Rb5+
58.Ke4 Kg6 59.g3 Rb3 60.Ke5 Rb8 61.Kd4 Rb3 62.Kc4 Rxg3 63.Rxb2 Kf5 64.Rf2 Re3
65.Kd4 Re8 66.Kd5 Rd8+ 67.Kc6 Rd1 68.Rg2 Rd8 69.g6 Rg8 70.g7 Kf6 71.Kd7 Kf7
72.f5 Kf6 73.Rg1 Kf7 74.Rg6  1-0

[Event "6th Hum na Sutli Open"]
[Site "Hum na Sutli CRO"]
[Date "2012.09.10"]
[Round "4.10"]
[White "Cvitkovic,Filip"]
[Black "Soldo,R"]
[Result "0-1"]
[WhiteElo "1894"]
[BlackElo "2172"]

1.d4 Nf6 2.c4 e6 3.Nc3 Bb4 4.Qc2 O-O 5.a3 Bxc3+ 6.Qxc3 d5 7.e3 dxc4 8.Bxc4 b6
9.Ne2 Bb7 10.O-O Nbd7 11.b4 a5 12.b5 Rc8 13.Bb2 c6 14.Qd3 cxb5 15.Bxb5 Be4
16.Qd1 Rc2 17.Rb1 Qa8 18.f3 Bg6 19.Nf4 Rfc8 20.Nxg6 hxg6 21.e4 Qb7 22.Bd3 R2c7
23.Qe1 Nf8 24.f4 Qc6 25.Rf3 Qa4 26.Rh3 N6h7 27.Qh4 f5 28.g4 fxg4 29.Qxg4 Nf6
30.Qh4 Rc3 31.Bxc3 Rxc3 32.Qf2 Ng4 33.Qe2 Qxd4+ 34.Kg2 Rxa3 35.Qxg4 Rxd3
36.Rxd3 Qxd3 37.Re1 Kf7 38.h4 a4 39.h5 gxh5 40.Qxh5+ g6 41.Qg4 Nd7 42.Qh4 Nf6
43.e5 Nh5 44.f5 exf5 45.e6+ Ke8 46.Qxa4+ Ke7 47.Qa7+ Kf6 48.Qf7+ Kg5 49.Rg1 Kh4
50.Qe7+ g5 51.Qb4+ Nf4+ 52.Qxf4+ gxf4 53.Re1 f3+ 54.Kg1 Qd2 55.Re4+ fxe4  0-1